[Event "KUW-ch"]
[Site "Kuwait City"]
[Date "2024.01.22"]
[Round "1"]
[White "Almutairat, Fehan A"]
[Black "Alrashidi, Yousef"]
[Result "0-1"]
[WhiteElo "1170"]
[BlackElo "1512"]
[PlyCount "62"]
[EventDate "2024.01.22"]
[EventType "swiss"]
[EventRounds "9"]
[EventCountry "KUW"]
[SourceTitle "CBM 218 Extra"]
[Source "ChessBase"]
[SourceDate "2024.03.31"]
[SourceVersion "1"]
[SourceVersionDate "2024.03.31"]
[SourceQuality "1"]

1. e4 e5 2. Nf3 Nc6 3. d4 exd4 4. Bc4 d6 5. Nxd4 Ne5 6. Bb3 Nf6 7. Nc3 c5 8. Nf5 a6 9. a3 Bxf5 10. exf5 c4 11. Ba2 b5 12. 0-0 Be7 13. Nd5 0-0 14. Nxe7+ Qxe7 15. h3 Qd7 16. Be3 d5 17. f4 Nc6 18. g4 d4 19. Bf2 Ne4 20. Bh4 Rfe8 21. a4 Nb4 22. c3 Nxa2 23. Rxa2 d3 24. axb5 axb5 25. Rxa8 Rxa8 26. Re1 Qd5 27. Qf3 Nxc3 28. Qe3 Ne2+ 29. Kh2 Qd4 30. Rxe2 Qxe3 31. Rxe3 d2 0-1